00273nam a2200121Ia 4500008004100000082001900041100001800060245002500078250000800103260002400111300000800135650000800143191201s2010 xx 000 0 und d a331.04109bMOI aMONAPPA, Arun 0aIndustrial Relations a1st aN. DelhibTMHc2010 a388 aBBA